Mrtvé dřevo - živý les

Main Author: Kajzarová, Eva
Corporate Author: Česko. Ministerstvo životního prostředí
Other Authors: Státní fond životního prostředí České republiky
Language: Czech
Published: Vrchlabí : Správa Krkonošského národního parku, 2012
Edition: 1. vyd.
Subjects:
Physical Description: 30 s. : barev. il. ; 22 cm
Book
Saved in:
LEADER 02582nam a2200649 a 4500
001 nkc20122379646
003 CZ PrNK
005 20121129085232.0
007 ta
008 120710s2012 xr a e f 000 0 cze
015 |a cnb002379646 
020 |a 978-80-86418-89-6  |q (brož.) 
035 |a (OCoLC)815376939 
040 |a OLA001  |b cze  |d ABA001 
043 |a e-xr---  |b e-xr-cc  |2 czenas 
072 7 |a 502  |x Životní prostředí a jeho ochrana  |2 Konspekt  |9 2 
080 |a 502.21(1-751.2)  |2 MRF 
080 |a 581.526.42  |2 MRF 
080 |a 630.1  |2 MRF 
080 |a 630.228  |2 MRF 
080 |a 591.9:630  |2 MRF 
080 |a 630.81-026.82  |2 MRF 
080 |a (437.31-17)  |2 MRF 
080 |a (036)  |2 MRF 
100 1 |a Kajzarová, Eva  |7 ola2012710466  |4 aut 
245 1 0 |a Mrtvé dřevo - živý les 
250 |a 1. vyd. 
260 |a Vrchlabí :  |b Správa Krkonošského národního parku,  |c 2012 
300 |a 30 s. :  |b barev. il. ;  |c 22 cm 
500 |a Text Eva Kajzarová ; ilustrace Lucie Beránková ; fotografie Kamila Antošová ... et al. 
500 |a Název z obálky 
500 |a Nad názvem: 50, Krkonošský národní park 1963/2013 
500 |a Pod názvem: Státní fond životního prostředí České republiky, Ministerstvo životního prostředí 
650 0 7 |a národní parky  |7 ph115506  |z Česko  |2 czenas 
650 0 7 |a lesní ekosystémy  |7 ph115113  |2 czenas 
650 0 7 |a ekologie lesa  |7 ph119818  |2 czenas 
650 0 7 |a lesní porosty  |7 ph115116  |2 czenas 
650 0 7 |a lesní živočichové  |7 ph115122  |2 czenas 
650 0 7 |a mrtvé dřevo  |7 ph717123  |2 czenas 
650 0 9 |a national parks  |z Czechia  |2 eczenas 
650 0 9 |a forest ecosystems  |2 eczenas 
650 0 9 |a forest ecology  |2 eczenas 
650 0 9 |a forest stands  |2 eczenas 
650 0 9 |a forest animals  |2 eczenas 
650 0 9 |a dead wood  |2 eczenas 
655 7 |a informační publikace  |7 fd132454  |2 czenas 
655 9 |a information publications  |2 eczenas 
651 7 |a Krkonošský národní park (Česko)  |7 ge128503  |x přírodní poměry  |2 czenas 
651 9 |a Krkonošský národní park (Czechia)  |x natural conditions  |2 eczenas 
710 1 |a Česko.  |b Ministerstvo životního prostředí  |7 kn20010725026 
710 2 |a Státní fond životního prostředí České republiky  |7 xx0019088 
910 2 |a BOA001  |b 2-1289.948 
990 |a BK 
995 |a 01 
991 |b 201208  |c NOV  |e n 
996 6 |b 2610518685  |c 2-1289.948  |l MZK  |r Sklad / do 1 hodiny  |n 1  |p p.v.  |w 001270031  |u 000010  |a 1  |e BOA001  |j MZK50  |s P 
996 7 |b 2610530369  |c 2-1289.948  |l MZK  |r Sklad / do 1 hodiny  |n 3  |p dar  |w 001270031  |u 000020  |a 1  |e BOA001  |j MZK50  |s A